Countries with the most islands - Statistics

General Stats
  • This quiz has been taken 65 times
  • The average score is 9 of 10
Answer Stats
No. of islands Country % Correct
52,455 Canada
94%
17,508 Indonesia
94%
7,107 Philippines
91%
188,000 Finland
89%
6,853 Japan
89%
55,000 Norway
89%
221,800 Sweden
89%
6,000 Greece
85%
6,289 United Kingdom
83%
8,222 Australia
69%
No matching quizzes found
Score Distribution
Percent of People with Each Score
Percentile by Number Answered
Your Score History
You have not taken this quiz